77 Districts of Nepal on Map - Statistics

General Stats
  • This quiz has been taken 561 times
  • The average score is 45 of 77
Answers on the Map
Answers color-coded by a green-red scale on the quiz's map according to % correct below.
 
Answer Stats
Districts % Correct
Kathmandu
89%
Bhaktapur
83%
Jhapa
81%
Lalitpur
81%
Chitwan
79%
Mustang
79%
Ilam
78%
Gorkha
76%
Dolpa
74%
Solukhumbu
74%
Humla
73%
Manang
72%
Kaski
71%
Parsa
70%
Taplejung
69%
Bara
68%
Morang
68%
Jumla
66%
Nuwakot
66%
Sunsari
66%
Saptari
65%
Kavre Palanchowk
62%
Rasuwa
62%
Rolpa
62%
Makwanpur
61%
Mugu
61%
Palpa
61%
Ramechhap
60%
Rukum East
60%
Rukum West
60%
Sindhupalchowk
60%
Nawalparasi West
59%
Dhanusha
57%
Kapilvastu
57%
Nawalparasi East
57%
Bardiya
56%
Darchula
56%
Lamjung
56%
Mahottari
56%
Okhaldhunga
56%
Panchthar
56%
Siraha
56%
Doti
55%
Parbat
55%
Rautahat
55%
Tanahun
55%
Banke
54%
Dolakha
54%
Myagdi
54%
Sankhuwasabha
54%
Baglung
53%
Sarlahi
53%
Syangja
53%
Terhathum
53%
Baitadi
52%
Dhankuta
52%
Rupandehi
52%
Sindhuli
52%
Surkhet
52%
Kailali
51%
Kanchanpur
51%
Udayapur
51%
Achham
49%
Dadeldhura
49%
Dang
49%
Khotang
48%
Bhojpur
47%
Bajura
46%
Dhadhing
46%
Gulmi
46%
Jajarkot
46%
Bajhang
45%
Kalikot
44%
Salyan
42%
Dailekh
38%
Pyuthan
36%
Argakhanchi
34%
No matching quizzes found
Score Distribution
Percent of People with Each Score
Percentile by Number Answered
Your Score History
You have not taken this quiz